[Event "ISR-chT"]
[Site "Israel"]
[Date "1997.??.??"]
[Round "7"]
[White "Finkel, Alexander"]
[Black "Bykhovsky, Avigdor"]
[Result "1-0"]
[WhiteElo "2505"]
[BlackElo "2405"]
[Annotator "Finkel,A"]
[PlyCount "103"]
[EventDate "1997.??.??"]
[EventType "team"]
[EventRounds "11"]
[EventCountry "ISR"]
[SourceTitle "CBM 059"]
[Source "ChessBase"]
[SourceDate "1997.08.01"]
[SourceVersion "1"]
[SourceVersionDate "1997.08.01"]
[SourceQuality "1"]

1. e4 e6 2. d4 d5 3. exd5 exd5 4. Nf3 Bd6 5. c4 Nf6 6. Nc3 O-O 7. h3 $5 (7.
cxd5 {The most popular move,after which black however gets quiet comfortable
position} Re8+ (7... h6 $5 8. Be2 (8. Ne5 $5 Nbd7 9. Nxd7 Qxd7 10. Be2 b6 11.
O-O Bb7 12. Bb5 Qf5 13. Bd3 Qd7 14. Qf3 $14 {1/2-1/2 Groszpeter,A-Lputian,S/
EUCup f Budapest 1996}) 8... Nbd7 9. O-O Nb6 10. Ne5 Nbxd5 11. Nxd5 Nxd5 12.
Bc4 Nb6 13. Bb3 Be6 $5 14. Bxe6 fxe6 15. Qg4 Qf6 $13 {Fernandez Garcia,
J-Romero Holmes,A/ESP-ch plof 1993/0-1 (48)}) 8. Be2 h6 9. O-O Nbd7 10. Bc4 Nb6
11. Bb3 Bg4 (11... Bf5 $6 12. Ne5 $1 Bxe5 13. dxe5 Rxe5 14. Bf4 Re7 15. Qf3 Qd7
16. h3 $14 {Golubovic Boris-Lputian Smbat G/It (open), Cannes (France) 1996/1/
2-1/2 (61)}) 12. Qd3 (12. h3 $5 Bh5 13. g4 Bg6 14. Ne5 Be4 15. Nxe4 Nxe4 16.
Bf4 Nf6 17. Qf3 $14 {Glek,I-Zueger,B/Geneve op 1994 (34)}) 12... Qd7 13. a4 Bf5
14. Qd1 a5 15. Ne5 Bxe5 16. dxe5 Rxe5 17. Bf4 Ree8 18. Qd4 $14 {Roeder,
M-Soffer,R/Berliner Sommer 1994 (32)}) (7. Bg5 dxc4 8. Bxc4 Qe8+ $5 (8... Re8+
9. Be2 Nbd7 10. O-O Nb6 11. h3 Be7 12. Bd3 h6 13. Bf4 Nbd5 14. Be5 Be6 15. a3
$14 {Turov,M-Dyachkov,S/St.Petersburg op2 1994/0-1 (60)}) 9. Be2 Ne4 10. Nxe4
$6 (10. Be3 $5) 10... Qxe4 11. O-O Bg4 12. Re1 Qd5 13. Be3 Nc6 $11 {Sowray,
P-Portisch,F/Wijk aan Zee II 1985 (48)}) (7. c5 $6 Re8+ (7... Be7 8. Bd3 b6 9.
cxb6 axb6 10. h3 Ba6 11. O-O c6 12. Re1 Bxd3 13. Qxd3 Ne8 $13 {1/2-1/2
Sale-Portisch,F/Harkany op 1994 (31)}) 8. Be2 Be7 9. O-O b6 10. cxb6 axb6 11.
Ne5 Bd6 12. Bf4 c6 13. Re1 Bf5 14. Bf3 b5 $132 {Gavrilov Alexei-Rychagov A/Ch
Moscow (open), Moscow (Russia) 1995 (33)}) 7... Re8+ 8. Be2 dxc4 9. O-O Nbd7 (
9... Be6 $5 10. Ng5 Qd7 11. Nxe6 Qxe6 12. Qa4 c6 13. Bxc4 Qe7 14. Qc2 Nbd7 $13)
10. Bxc4 Nb6 11. Bd3 {Usualy white puts the bishop on b3,where it is more
active,but now black can meet 11.Bb3 with 11...Be6! forcing the exchange or
retreat of the bishop,so it's better to play 11.Bd3 immedeatly.} Be6 12. Bg5 h6
13. Bh4 Be7 (13... Bc4 14. Bxc4 Nxc4 15. Qb3 Nb6 16. Rae1 Be7 17. Re2 $14) 14.
Re1 Nfd5 $6 {Inaccuracy,which lets white to seize initiative.It was better to
play} (14... Nbd5 15. Bg3 c6 16. a3 Qa5 17. Qc2 Nxc3 18. bxc3 c5 {with
balanced position}) 15. Bg3 $1 $14 Bd6 16. Ne5 Nxc3 (16... f6 $1 {This awkward
move is definitly the best.Black gets counterplay against white weak pawns
while it's not so easy for white to use exposed position of black king.} 17.
Ng6 (17. Nf3 $5) 17... Bxg3 18. fxg3 Qd6 19. Qf3 Qb4 20. Nxd5 Bxd5 21. Qf2 Rad8
22. Kh2 Qd6 $132) 17. bxc3 Bxe5 18. Rxe5 Qd7 19. Qe2 $6 (19. Qc2 $5 $14) 19...
f6 20. Re4 Bd5 21. Re3 Qc6 22. Rc1 Nc4 (22... Bxg2 23. Bb5 Rxe3 24. fxe3 Qf3
25. Qxf3 Bxf3 26. Bxc7 $14) 23. Re7 Rxe7 24. Qxe7 Nd6 25. Bg6 $1 $36 Bxg2 26.
Qe6+ Kh8 27. c4 $1 (27. Bxd6 Bd5 $1 $17) 27... Be4 $1 (27... Qf3 28. Kh2 $1 (
28. Re1 Bh1 $1 $17) 28... Qa3 29. Rb1 $1 (29. Re1 Bc6 30. d5 Ba4 $13) 29... Bc6
30. d5 Ba4 31. Bxd6 cxd6 32. Rxb7 $14) 28. d5 Qa4 29. Bxe4 $5 {Risky
continuation in opponent's timetrouble.} (29. Bxd6 Bxg6 30. Bxc7) 29... Re8 30.
Bxd6 Rxe6 31. dxe6 Qe8 $2 {Black simply does'nt believe in himself!After
correct} (31... cxd6 $1 32. Bg6 Qa5 33. h4 Qe5 34. Bf7 g5 (34... Qe2 35. h5 $13
) 35. Kf1 Qe4 36. Re1 Qxc4+ 37. Re2 Qxh4 38. Re3 $11 {it's only black who can
try to play for a win.}) 32. Bxc7 $16 Qxe6 33. Bg2 b6 34. Bf4 Qf5 35. Be3 Qa5
36. c5 $1 bxc5 37. Rxc5 Qe1+ 38. Kh2 g5 39. Rc8+ Kg7 40. Rc7+ Kf8 41. Rxa7 $18
{The rest is easy technical job.} Qa1 42. Bf3 Qe5+ 43. Kg2 f5 44. a4 Qe6 45.
Ra8+ Ke7 46. Bc5+ Kd7 47. a5 g4 48. hxg4 fxg4 49. Bb7 Kc7 50. a6 Qb3 51. Rc8+
Kd7 52. Bc6+ $1 1-0

[Event "EU-Cup 17th"]
[Site "Panormo"]
[Date "2001.09.24"]
[Round "2.4"]
[White "Finkel, Alexander"]
[Black "Knaak, Rainer"]
[Result "1/2-1/2"]
[WhiteElo "2485"]
[BlackElo "2494"]
[Annotator "Finkel,A"]
[PlyCount "135"]
[EventDate "2001.09.22"]
[EventType "team-swiss"]
[EventRounds "7"]
[EventCountry "GRE"]
[SourceTitle "CBM 084 Extra"]
[Source "ChessBase"]
[SourceDate "2001.10.26"]
[SourceVersion "1"]
[SourceVersionDate "2001.10.26"]
[SourceQuality "1"]
[WhiteTeam "Tel Aviv Shlomo Har Zvi"]
[BlackTeam "Werder Bremen"]
[WhiteTeamCountry "ISR"]
[BlackTeamCountry "GER"]

1. e4 e6 2. d4 d5 3. exd5 exd5 4. Nf3 Bd6 5. c4 Nf6 (5... dxc4 6. Bxc4 Nf6 (
6... Ne7 7. Ng5 Nd5 8. O-O c6 9. Re1+ Kf8 10. Qh5 Qd7 11. Nc3 $16 {Simic,
D-Brenjo,S/ch-Serbia 2000}) 7. O-O O-O 8. Nc3 Bg4 9. Bg5 (9. Qd3 Bxf3 10. Qxf3
c6 11. Bg5 Be7 12. Rfe1 Re8 13. Rad1 Nbd7 14. d5 $16 {Schumacher,D-Kassuba,M/
GER-chJ U13 1994}) (9. h3 Bh5 10. g4 Bg6 11. Ne5 c5 12. Nxg6 hxg6 13. dxc5 Bxc5
14. Bg5 Qc7 15. Qd3 $14 {Schubert,H-Kristjansson,S/Reykjavik op 19th 2000})
9... h6 10. Bh4 Nc6 11. d5 Ne5 12. Be2 Ng6 13. Bg3 Nf4 14. Bxf4 Bxf4 $15 {
Vitor,A-Silva,F/POR-ch 1994}) (5... Qe7+ 6. Be3 Bf4 7. cxd5 Bxe3 8. fxe3 Qxe3+
9. Qe2 Qxe2+ 10. Bxe2 Ne7 11. Nc3 a6 12. a4 b6 13. Bc4 Bb7 14. O-O f6 $13 {
Richter,S-Huelle,G/Leipzig VfB op5 1998}) 6. Nc3 c6 (6... dxc4 7. Bxc4 O-O 8.
O-O Bg4 9. h3 Bh5 10. g4 Bg6 11. Ne5 c5 (11... Ne4 12. Nxf7 (12. Nxg6 Nxc3 13.
bxc3 hxg6 {1/2-1/2 Kuraszkiewicz,M-Meister,P/BL2-O9697 1997}) 12... Bxf7 13.
Bxf7+ Rxf7 14. Nxe4 $16 {Greenfeld,A-Godes,D/ISR-ch 1996}) 12. Nxg6 hxg6 13.
dxc5 (13. Nb5 Nc6 14. Nxd6 Qxd6 15. dxc5 Qxc5 16. Qc2 Kh8 17. Be3 Nd4 18. Bxd4
Qxd4 $13 {Medvegy,N-Kononenko,T/EU-chJW U20 1995}) 13... Bxc5 (13... Be7 $2 14.
Qxd8 Rxd8 15. Be3 Nbd7 16. b4 a5 17. a3 $16 {Bruch,I-Grimm,S/BL2-W 1994}) 14.
Qxd8 (14. Bxf7+ Kxf7 15. Qb3+ Ke8 16. Qxb7 Nbd7 17. Re1+ Be7 18. g5 Rb8 19.
Qxa7 Ng8 $15 {Comp Frenchess-Voorn,M/The Hague AEGON 1995}) 14... Rxd8 15. Be3
(15. g5 Nfd7 16. Ne4 Bd4 17. Bf4 Nc6 18. Rad1 Nde5 $11 {Altounian,L-Jovic,D/
WchJM-U18 1993}) 15... Nbd7 16. Bxc5 Nxc5 17. Rfd1 Kf8 18. f3 g5 19. Kf2 Rac8
$11 {Bus,M-Socko,B/Polanica Zdroj op 1995}) 7. Bd3 O-O 8. O-O dxc4 9. Bxc4 Bg4
10. h3 Bh5 11. g4 Bg6 12. Ne5 Ne4 $6 {After this move white gets very
dangerous initiative, so better was} (12... c5 $5 {D20-queens gambit accepted}
13. f4 (13. Nxg6 hxg6 14. dxc5 Bxc5 15. Qf3 Nc6 $13) 13... cxd4 14. Qxd4 b6 15.
Kg2 $14) 13. f4 $1 {The most energetic reply} (13. Nxf7 $6 Rxf7 14. Bxf7+ Kxf7
15. Qb3+ (15. Qf3+ $2 Nf6 16. g5 Bh5 17. Qf5 Qd7 $17) 15... Kf8 16. Qxb7 Nd7
17. Re1 $13) (13. Nxg6 Nxc3 14. bxc3 hxg6 15. Qd3 $14) 13... Nxc3 (13... Qh4 $6
14. Qe1 $1 {[%csl Re4]} Qxe1 15. Rxe1 Nxc3 16. bxc3 Bxe5 (16... Bc2 17. Nxf7
Rxf7 18. Re8+ Bf8 19. Ba3 $18) 17. dxe5 Bc2 18. Ba3 $16 {[%cal Ge5e6]}) 14.
bxc3 Be4 (14... Qh4 15. Qe1 $1 Qxh3 $2 (15... Qxe1 16. Rxe1 $16) 16. Rf3 Qh6
17. f5 $18) (14... Bxe5 15. fxe5 b5 16. Bb3 Na6 17. Ba3 Re8 18. Qf3 Qd7 19. h4
$1 $18 {[%csl Rf7]}) 15. Qb3 $1 {[%csl Gd5,Rf7] Preventing from the black
bishop to come to d5} (15. Re1 Bd5 16. Bxd5 cxd5 17. Qb3 Bxe5 18. fxe5 Qd7 19.
Ba3 Re8 20. Bd6 Qc6 21. Rab1 b6 $14) 15... Qc7 {[%cal Gb7b5,Ge4d5]} 16. a4 Bd5
{Black decides to give up a pawn in order to get some counterplay} (16... c5 $6
17. Ba3 b6 18. Rae1 Bb7 19. dxc5 bxc5 (19... Bxc5+ 20. Bxc5 Qxc5+ 21. Kh2 $18)
20. Nxf7 Rxf7 21. Re8+ Bf8 22. Rb1 (22. Bxf7+ $2 Qxf7 23. Bxc5 Nd7 $1 $17)
22... Na6 23. Bxf7+ Qxf7 24. Qxf7+ Kxf7 25. Rxf8+ Kxf8 26. Rxb7 $18) 17. Bxd5
cxd5 18. Rf3 $16 (18. Rb1 $5) 18... Nc6 (18... Bxe5 19. fxe5 Qc6 20. Rb1 b6 21.
Ba3 Rd8 22. Rbf1 Rd7 23. Qb5 $1 $16) 19. Qxd5 Rfd8 20. Qa2 Na5 21. Ba3 (21. Rb1
$5 Rac8 22. Ba3 Bxa3 23. Qxa3 $16) 21... Bxa3 22. Qxa3 Rd5 23. Qa2 Rad8 24. Rb1
a6 (24... f6 $2 25. Rb5 {[%cal Gb5a5,Gb5d5]} Qd6 26. Rxa5 $18) 25. g5 $1 Qc8
26. Re1 Nc6 (26... Qf5 27. Qf2) 27. Nc4 $1 Qc7 28. Qe2 (28. Rfe3 $5 Rf8 29. Re4
$18) 28... g6 (28... Rf8 $5) 29. Ne3 R5d6 30. Ng4 Re6 31. Re3 $5 (31. Qf2 Rxe1+
32. Qxe1 b5 33. axb5 axb5 34. Nf6+ Kh8 35. Qh4 h5 36. gxh6 b4 37. Ne4 Qe7 38.
Qxe7 Nxe7 39. Ng5 $18) 31... Qxf4 32. Rxe6 fxe6 (32... Qg3+ 33. Qg2 Qxg2+ 34.
Kxg2 fxe6 35. Rxe6 Kf7 36. Rf6+ Ke7 37. Kf3 $18) 33. Qxe6+ Kg7 34. Qf6+ Qxf6
35. Nxf6 (35. gxf6+ Kf7 36. Rb1 Rd7 37. Rb6 $18) 35... Kf7 36. Kg2 $5 h6 37. h4
hxg5 38. hxg5 b5 39. axb5 axb5 40. d5 $1 (40. Rb1 b4 41. d5 bxc3 42. dxc6 Rc8
43. Rb7+ Kf8 (43... Ke6 44. c7 Kd6 45. Rb3 $1 $18) 44. Rb1 Rxc6 45. Kf3 c2 46.
Rc1 Kf7 $16 {[%csl Rg5]}) 40... Ne7 41. Rd1 Nf5 42. Kf3 Rc8 43. Ne4 Rc4 44. Ra1
Ra4 45. Rb1 Rc4 46. Rb2 $6 (46. Kf4 Nd6 47. Rb4 Rxb4 48. cxb4 Nc4 49. Nc3 $18)
46... Ra4 47. Rh2 $2 b4 48. cxb4 (48. Kf4 bxc3 49. Ke5 Rc4 50. Rh7+ Kg8 51.
Nf6+ Kf8 $11) (48. Rh7+ Kg8 49. Rb7 (49. Nf6+ Kf8 50. c4 b3 51. c5 Rb4 52. d6
b2 53. d7 Nd4+ 54. Kg2 Nc6 $11) 49... bxc3 50. Nxc3 Rd4 $14) 48... Rxb4 $11 49.
Rh7+ Kg8 50. Rd7 (50. Nf6+ Kf8 $11) 50... Kf8 51. Rc7 Rd4 52. Rc5 Ke7 53. Ra5
Kf7 54. Ra7+ Kf8 55. Ra8+ (55. Kf4 Ng3 $1 56. Kxg3 Rxe4 57. d6 Rd4 58. d7 Ke7
$11) 55... Kf7 56. Ra7+ Kf8 57. Ra5 Kf7 58. Rc5 Kg7 59. Rc7+ Kf8 60. Kf4 Ng3
61. Kxg3 Rxe4 62. Rd7 Re5 63. Kf4 Rf5+ 64. Kg4 Ke8 65. Rd6 Kf7 66. Kh4 Rf4+ $1
67. Kg3 Rf1 68. Rd7+ 1/2-1/2

[Event "EU-Cup 17th"]
[Site "Panormo"]
[Date "2001.09.23"]
[Round "1.4"]
[White "Finkel, Alexander"]
[Black "Meessen, Rudolf"]
[Result "1-0"]
[WhiteElo "2485"]
[BlackElo "2323"]
[Annotator "Finkel,A"]
[PlyCount "63"]
[EventDate "2001.09.22"]
[EventType "team-swiss"]
[EventRounds "7"]
[EventCountry "GRE"]
[SourceTitle "CBM 084 Extra"]
[Source "ChessBase"]
[SourceDate "2001.10.26"]
[SourceVersion "1"]
[SourceVersionDate "2001.10.26"]
[SourceQuality "1"]
[WhiteTeam "Tel Aviv Shlomo Har Zvi"]
[BlackTeam "Eupen Rochade"]
[WhiteTeamCountry "ISR"]
[BlackTeamCountry "BEL"]

1. e4 e6 2. d4 d5 3. exd5 exd5 4. Nf3 Bd6 5. c4 c6 6. Nc3 Ne7 (6... Nf6 7. c5
Bc7 8. Bd3 b6 9. cxb6 axb6 10. O-O Ba6 11. Bxa6 Rxa6 12. Qd3 O-O 13. Bg5 $14 {
Gurevich,M-Nikolic,Pr/Beograd/1991/1:0 (58) Inf 53/246/}) 7. Bd3 (7. cxd5 cxd5
8. Bd3 O-O 9. O-O Nbc6 10. h3 a6 11. a3 Bc7 12. Qc2 g6 $10 {Rublevsky,
S-Vakhidov,T/Cheliabinsk/1993/1:0 (25)/}) 7... dxc4 (7... O-O 8. O-O h6 9. h3
Be6 10. c5 Bc7 11. Qc2 Qc8 12. Re1 Re8 13. Bd2 Nd7 14. Re2 Nf8 $10 {Kengis,
E-Rohde,M/Tilburg/1992/1:0 (31)/}) 8. Bxc4 O-O 9. O-O Nd7 10. h3 (10. Bb3 Nb6
11. Bg5 Kh8 (11... h6 12. Bh4 Qc7 13. Bxe7 Qxe7 14. Re1 Qd8 15. Qd3 $14 {
Kaidanov,G-Nikolic,P/Groningen PCA 1993/CBM 39/[Knaak]/1/2-1/2 (56)}) 12. Bxe7
Qxe7 13. Re1 Qc7 (13... Be6 14. Bxe6 fxe6 15. Re4 Rae8 16. Qe2 Rf4 17. Re1 Rxe4
18. Qxe4 Kg8 $11 {Junge,R-Hertneck,G/BL8889 1989/BL}) 14. Qd3 g6 (14... f6 15.
Ne4 Bf5 16. Nh4 Bxe4 17. Rxe4 Nd5 18. Qh3 Qf7 19. Nf5 Rad8 20. Rae1 $14 {
Christensen,T-Hansen,L/Politiken Cup 1996}) 15. d5 Bf5 16. Qd4+ f6 17. dxc6
Qxc6 18. Qh4 $14 {Azmaiparashvili,Z-Beliavsky,A/Vidmar mem12th 1997}) (10. Bg5
h6 11. Bh4 Nb6 (11... Qc7 12. Qd3 Nb6 13. Bxe7 $1 Bxe7 14. Bb3 Rd8 15. Rfe1 $14
) 12. Bd3 Qc7 13. Bxe7 Bxe7 14. Qe2 Bf6 {1/2-1/2 Nevednichy,V-Istratescu,A/
Ciocaltea mem 1995}) 10... Nb6 11. Bb3 Nbd5 (11... Bc7 12. Bg5 Kh8 13. Bxe7
Qxe7 14. Re1 Qd8 15. Ne5 Nd5 16. Nxd5 cxd5 17. Qh5 Be6 18. Bc2 $14 {
Malisauskas,V-Djurhuus,R/Oslo 1992}) (11... Ned5 12. Re1 Bf5 13. Ne5 Qh4 $2 (
13... Bg6 14. Nxg6 hxg6 15. Qf3 Bc7 16. Ne4 a5 17. a3 a4 18. Ba2 Ra5 19. Bg5
Qc8 20. Rad1 Bd8 21. Bd2 {1/2-1/2 Sieiro Gonzalez,L-Paneque,P/Havana op 1994})
14. Qf3 Be6 15. Ne4 Qe7 16. Bc2 Rad8 17. Ng5 Nf6 18. Nexf7 $1 {1-0 Varga,
Z-Atanu,L/5th Paks Cup GM 2000}) 12. Re1 Bf5 13. Ne5 $5 {This move appears to
be a novelty, however after black's correct reply it becomes clear that also
after this move black manages to keep the balance.} (13. Ne4 Ng6 (13... Bxe4
14. Rxe4 {1/2-1/2 Leko,P-Varga,Z/Budapest FS04 GM 1993}) 14. Bg5 f6 15. Bd2 Re8
$2 16. Nc3 Be6 17. Nxd5 Bxd5 18. Bxd5+ cxd5 19. Qb3 Re7 20. Qxd5+ $16 {Sieiro
Gonzalez,L-Ricaurte Lopez,J/Capablanca mem-C 1996}) 13... f6 $5 14. Nc4 (14.
Nd3 $5 {May me this move is slightly more accurate than a move in the game} Re8
(14... Qd7 15. Nc5 Bxc5 16. dxc5 Be6 17. Ne4 $14) 15. Bf4 Bxd3 16. Bxd6 Qxd6
17. Qxd3 Rad8 18. Re4 $14) 14... Bc7 (14... Kh8 $5 15. Nxd6 Qxd6 16. Ne4 Bxe4
17. Rxe4 Rfe8 18. Bd2 $14) 15. Qf3 {[%cal Gc4e3,Gb3g8]} Kh8 $1 16. Bd2 ({
Nothing promises} 16. Nxd5 cxd5 17. Nd2 Bg6 18. Nf1 Be4 19. Qh5 Qe8 $11) (16.
Ne3 Be6 17. Nexd5 Bxd5 18. Nxd5 Nxd5 19. Bd2 Qd7 $11) 16... Qd7 17. Ne4 Rae8 (
17... b6 $5 18. Rac1 Rae8 19. Ng3 Be6 $132) 18. Nc5 Qc8 19. Rac1 $5 {[%cal
Gc1c8]} Bb8 $6 {[%cal Gc8c7,Gc7h2] For some reason black doesn't want to play
b6, which was very logical raction:} (19... b6 20. Ne4 Qd7 $13) 20. Ne3 $1 $36
{[%csl Re6]} Nxe3 $6 (20... b6 21. Bxd5 $1 cxd5 (21... Nxd5 22. Nxf5 bxc5 23.
dxc5 $16) 22. Nxf5 Qxf5 23. Rxe7 $1 Qxf3 24. Rxe8 Rxe8 25. gxf3 bxc5 26. Rxc5
Rd8 27. Ba5 $18) (20... Qc7 $5 21. g3 Bxh3 22. Nxd5 Nxd5 23. Bxd5 Rxe1+ 24.
Rxe1 cxd5 25. Qxd5 $14) 21. Rxe3 Qc7 22. g3 $1 $16 {[%csl Re7,Re8][%cal Gc1e1]
Now black is in serious troubles} Bxh3 23. Rce1 $1 (23. Be6 $5 f5 24. Rb3 $1
Bg4 25. Qg2 b6 26. Nd7 $14) 23... Qd8 (23... Bc8 24. Qe2 b6 25. Ne6 Bxe6 26.
Rxe6 Rf7 27. Re4 $18) 24. g4 $1 $18 {[%csl Rh3]} Qxd4 25. Ne6 Qxd2 26. Nxf8 {
[%csl Re8,Rh3]} Rxf8 (26... Be5 27. Nxh7 $1 Kxh7 28. Qxh3+ Kg6 29. Qh5#) 27.
Rxe7 Qb4 28. Re8 Bxg4 29. Rxf8+ Qxf8 30. Qxg4 Be5 31. Qe6 g5 32. Rxe5 1-0

[Event "Dortmund SuperGM 23rd"]
[Site "Dortmund"]
[Date "1995.07.22"]
[Round "8"]
[White "Short, Nigel D"]
[Black "Beliavsky, Alexander G"]
[Result "1-0"]
[WhiteElo "2645"]
[BlackElo "2650"]
[Annotator "Ftacnik,L"]
[PlyCount "35"]
[EventDate "1995.07.14"]
[EventType "tourn"]
[EventRounds "9"]
[EventCountry "GER"]
[EventCategory "17"]
[SourceTitle "CBM 048"]
[Source "ChessBase"]
[SourceDate "1995.10.01"]
[SourceVersion "1"]
[SourceVersionDate "1995.10.01"]
[SourceQuality "1"]

1. e4 {Von Gleich} e6 2. d4 d5 3. Nc3 Bb4 4. exd5 exd5 5. Bd3 Nc6 6. a3 Bxc3+
7. bxc3 Qf6 8. Rb1 Nge7 (8... b6 9. Qh5 (9. Ne2 Bf5 10. O-O Nge7 11. Bf4 Bxd3
12. Qxd3 O-O 13. Bxc7 Rfc8 14. Bg3 Na5 15. Rfe1 Ng6 16. Qb5 Qf5 17. Be5 Qe6 18.
Bg3 Qc6 $44 {Johansen,D-Farago,I/Wuppertal/1986/0-1 (35)}) 9... Nge7 10. Bg5
Qe6+ 11. Ne2 Qg4 12. Qxg4 Bxg4 13. Ng3 Kd7 14. f3 Be6 15. Kf2 f6 16. Bd2 Bf7
$10 {Lau,R-Schaefer,Ma/Porz (1)/1992/0.5 (62)}) 9. Ne2 Ng6 (9... O-O $2 10. Bf4
) (9... Nf5 $5 10. O-O O-O 11. Nf4 $5) 10. O-O O-O {[%csl Rf6] In a fairly
normal position black suffers one huge drawback, the Qf6 occupies very
unfortunate square.} (10... Qd6 11. f4 f5 12. c4 $16 Nce7 (12... O-O 13. cxd5
Qxd5 14. c4 Qd6 15. d5 $16) 13. cxd5 Nxd5 14. c4 Nf6 15. Bd2 Qd7 $6 (15... O-O
$2 16. Bb4) (15... c5 $5) 16. Rb5 $1 Qf7 17. Ng3 $18 {Lutz,Ch-Nikolic,P/Wijk
op/1995/1-0 (32)}) 11. f4 {Von Gleich /\ f5, Ng3-h5 Weiß steht gemäß Short
bereits auf Gewinn.} Bf5 $2 (11... Re8 12. f5 Nf8 13. g4 h6 14. Ng3 Nh7 $14)
12. Bxf5 $1 (12. Rxb7 Rab8 $132) 12... Qxf5 13. Ng3 {Der Pb7 interessiert
nicht.} Qd7 14. f5 Nge7 15. f6 $1 {Usually white can only dream about such
attacking moves.} Nc8 (15... gxf6 $2 16. Nh5 $18) 16. fxg7 Re8 (16... Kxg7 17.
Nh5+ Kh8 18. Nf6 $18) 17. Nh5 Re6 18. Qg4 (18. Qg4 Qd8 19. Bg5 $18) 1-0